| 000 | 00771nam a2200193Ia 4500 | ||
|---|---|---|---|
| 008 | 0000002005 sp a 0000000000spa00 | ||
| 090 | _aPSP00 P15m | ||
| 100 | 1 | _aPanera, Javier | |
| 245 | 1 | 0 |
_aMoralla exquisita de Julio Falagán _c/ texto Javier Panera |
| 300 |
_a[22] p. _c/ 21 cm. |
||
| 500 | _aExposición realizada en Galería Artificial, Madrid, Septiembre, 2005 \ Con el patronazgo del maestro venezolano Jesús Rafael Soto (q.e.p.d.) \ Registro auspiciado por el IDCT. Bogotá | ||
| 600 | 0 | 0 |
_aFALAGAN, JULIO/ _xTRABAJOS PICTORICOS |
| 650 | 1 | 4 | _aARTE CONTEMPORANEO ESPAÑOL |
| 650 | 1 | 4 | _xCATALOGOS |
| 650 | 1 | 4 | _xEXPOSICIONES |
| 650 | 1 | 4 | _aPINTORES ESPAÑOLES |
| 650 | 1 | 4 | _aPINTURA ESPAÑOLA |
| 999 |
_c2798 _d2798 |
||
| 260 |
_aMadrid : Galería Artificial _c2005 |
||